| 000 | 00786cab a22001935a 4500 | ||
|---|---|---|---|
| 001 | L146711 | ||
| 008 | 090218e20090206xxkd f 000 0 eng d | ||
| 035 | _a(Sirsi) u146711 | ||
| 041 | 0 | _aeng | |
| 100 | 1 | _aMoone, Brian | |
| 245 | 0 | 0 |
_aLead times _bNovember 08-January 2009 |
| 260 | _c2009 | ||
| 490 | 0 |
_aBuilding _v274(8565) 6 February 2009, 55-56 (2) |
|
| 520 | _aReports that some contractors are reducing lead times to levels not experienced since 2003. This is done as a reaction to having less workload, a result of the recession. Gives details of lead times for various products including piling, concrete works, structural steel frames, cladding and roofing. | ||
| 590 | _aKA | ||
| 651 | 4 |
_aUnited Kingdom _y |
|
| 690 | _aBUILT ENVIRONMENT-BUILDING ELEMENTS | ||
| 942 | _n0 | ||
| 999 |
_c81260 _d81260 |
||